00582 a2200133 4500245017100000250001400171650001500185005001700200260001400217084003300231300006000264500010700324999001700431 a1. Srīmat Bhagavat Gītāb : with an introduction, Sanskrit text, translation, syntaz, word for word translation and substance of each śloka in Englishhprint a[1st ed.] aliterature20191021095553.0 aiic1968] aPK3631 .B5 1968 (Orien Sans) axv, 475 p. 23 cm.bxv, 475 p. 23 cm.cxv, 475 p. 23 cm. aEnglish rendering by Bani Basu and Kajal Sen Gupta from origional Bengali of Yatrindra Ramanujacharyy. c12403d12403